Concepts of fitness and wellness : (Record no. 14106)
[ view plain ]
| 000 -LEADER | |
|---|---|
| fixed length control field | 00514pam a22001934a 4500 |
| 020 ## - INTERNATIONAL STANDARD BOOK NUMBER | |
| ISBN | 0697295664 |
| 040 ## - CATALOGING SOURCE | |
| Transcribing agency | DLC |
| 082 ## - DEWEY DECIMAL CLASSIFICATION NUMBER | |
| Classification number | 613 MCG 2000 A050 Or. |
| 100 1# - MAIN ENTRY--AUTHOR NAME | |
| Personal name | Corbin, Charles B. |
| 245 10 - TITLE STATEMENT | |
| Title | Concepts of fitness and wellness : |
| Remainder of title | a comprehensive lifestyle approach / |
| 250 ## - EDITION STATEMENT | |
| Edition statement | 3rd ed |
| 260 ## - PUBLICATION, DISTRIBUTION, ETC. (IMPRINT) | |
| Place of publication | Boston : |
| Name of publisher | McGraw-Hill, |
| Year of publication | 2000 |
| 300 ## - PHYSICAL DESCRIPTION | |
| Number of Pages | xvi, 482 p. : |
| Other physical details | ill. ; |
| Dimensions | 29 cm |
| 650 #0 - SUBJECT ADDED ENTRY--TOPICAL TERM | |
| Topical Term | Exercise. |
| 650 #0 - SUBJECT ADDED ENTRY--TOPICAL TERM | |
| Topical Term | Physical fitness |
| 700 1# - ADDED ENTRY--PERSONAL NAME | |
| Personal name | Lindsey, Ruth, |
| 700 1# - ADDED ENTRY--PERSONAL NAME | |
| Personal name | Welk, Greg. |
| 942 ## - ADDED ENTRY ELEMENTS (KOHA) | |
| Koha item type | សៀវភៅភាសាអង់គ្លេស |
| 952 ## - LOCATION AND ITEM INFORMATION (KOHA) | |
| Withdrawn status [LOCAL, KOHA] | 0 |
| Permanent Location | Date acquired | Koha item type | Lost status | Shelving location | Barcode | Current Location | Full call number |
|---|---|---|---|---|---|---|---|
| Library Block A | 2017-10-06 | សៀវភៅភាសាអង់គ្លេស | A050 | A20920 | Library Block A | 613 MCG 2000 A050 Or. |